| 000 | 00534nam a2200157 a 4500 | ||
|---|---|---|---|
| 001 | ASIN8170291895 | ||
| 005 | 20140829164838.0 | ||
| 008 | 140828s2003 xxu eng d | ||
| 020 | _a8170291895 (paperback) | ||
| 020 | _a9788170291893 (paperback) | ||
| 100 | 1 | _aJain, Prof. Satish. | |
| 245 | 1 | 0 |
_aIntroduction to computer science : _bV. 2 / _cProf. Satish Jain. |
| 260 |
_a[S.l.] : _bBPB Publications, _c1994. |
||
| 300 | _a1 v. (unpaged) | ||
| 856 | 4 | 0 |
_3Amazon.com _uhttp://www.amazon.com/exec/obidos/ASIN/8170291895/chopaconline-20 |
| 999 |
_c9300 _d9300 |
||